[Event "89 Bristol Championship"]
[Site "The Great Hall, Bristol Gramm"]
[Date "2023.04.01"]
[Round "3.7"]
[White "Murawski, Jan"]
[Black "Dilleigh, Stephen P"]
[Result "1/2-1/2"]
[WhiteElo "1726"]
[BlackElo "2047"]
[PlyCount "74"]
[EventDate "2023.03.31"]
[EventRounds "5"]
[EventCountry "ENG"]

{[%evp 0,74,34,23,24,5,-6,4,6,-6,23,16,37,-7,3,22,37,36,48,28,26,29,22,0,0,-8,
-14,-12,0,-25,-30,-38,-49,-37,-40,-29,-3,-1,2,-13,8,8,7,0,0,-18,-13,-75,-80,
-80,-74,-81,-81,-71,-109,-93,-93,-93,-86,-98,-98,-98,-98,-98,-98,-90,-89,-89,
-80,-80,-80,-110,-6,-28,0,-169,-169]} 1. d4 d5 2. c4 e6 3. Nc3 Nf6 4. Bg5 Be7
5. e3 h6 6. Bh4 O-O 7. Nf3 Ne4 8. Bxe7 Qxe7 9. cxd5 Nxc3 10. bxc3 exd5 11. Ne5
Nd7 12. Nxd7 Bxd7 13. Qb3 c5 14. Qxd5 cxd4 15. Qxd4 Bc6 16. Be2 Rfd8 17. Qg4
Qa3 18. O-O Qxc3 19. Bf3 Qf6 20. Bxc6 Qxc6 21. h3 Rd2 22. a4 Rad8 23. Rfd1 Qf6
24. f4 Qc3 25. Re1 Rc2 26. Qf3 Rdd2 27. Qxb7 Qb2 28. Qxb2 Rxb2 29. g4 Rg2+ 30.
Kh1 Rh2+ 31. Kg1 Rxh3 32. Rac1 Rg3+ 33. Kh1 Rxg4 34. Rc8+ Kh7 35. Rc7 Rd2 36.
Rxa7 Rgg2 37. f5 Rh2+ 1/2-1/2

[Event "89 Bristol Championship"]
[Site "The Great Hall, Bristol Gramm"]
[Date "2023.04.01"]
[Round "3.8"]
[White "Shepherd, Tom"]
[Black "Khoury, Theo"]
[Result "1-0"]
[WhiteElo "1766"]
[BlackElo "2004"]
[PlyCount "93"]
[EventDate "2023.03.31"]
[EventRounds "5"]
[EventCountry "ENG"]

1. d4 d5 2. c4 dxc4 3. Nf3 Nf6 4. e3 e6 5. Bxc4 c5 6. O-O Nc6 7. dxc5 Qxd1 8.
Rxd1 Bxc5 9. b3 a6 10. Bb2 b5 11. Be2 Bb7 12. Nbd2 Be7 13. a4 b4 14. a5 O-O 15.
Nc4 Rfd8 16. Nd4 Nd5 17. Bf3 Nxd4 18. Bxd4 Bf6 19. Bxf6 gxf6 20. Nb6 Nxb6 21.
Rxd8+ Rxd8 22. Bxb7 Nd5 23. Bxa6 Rd7 24. Bc4 Kf8 25. Bxd5 Rxd5 26. a6 Rd8 27.
a7 Ra8 28. Kf1 Ke7 29. Ra6 Kd7 30. Ke2 Kc7 31. Ra4 Kc6 32. Kf3 Kd6 33. Kg4 f5+
34. Kg5 Ke7 35. Kh6 f6 36. Kxh7 Kf7 37. f4 e5 38. h4 e4 39. h5 Kf8 40. Kg6 Kg8
41. Kxf5 Kg7 42. Kxe4 Kh6 43. g4 Re8+ 44. Kd5 Ra8 45. Kc6 f5 46. gxf5 Kxh5 47.
Kb7 1-0

[Event "89 Bristol Championship"]
[Site "The Great Hall, Bristol Gramm"]
[Date "2023.04.01"]
[Round "3.9"]
[White "Ramprasad, Cherupalli"]
[Black "Arkell, Keith"]
[Result "0-1"]
[WhiteElo "1869"]
[BlackElo "2395"]
[PlyCount "60"]
[EventDate "2023.03.31"]
[EventRounds "5"]
[EventCountry "ENG"]

1. Nf3 Nf6 2. g3 b5 3. Bg2 Bb7 4. d3 d5 5. Nbd2 Nbd7 6. c4 bxc4 7. dxc4 d4 8.
Nb3 e5 9. O-O c5 10. Bg5 Rb8 11. e3 Be7 12. exd4 exd4 13. Re1 O-O 14. Bf4 Rc8
15. Nh4 Bxg2 16. Kxg2 g6 17. Bd2 Re8 18. Ba5 Nb6 19. Nc1 Qd7 20. b3 Bd6 21. Qf3
Rxe1 22. Bxe1 Re8 23. Nd3 Ne4 24. Kg1 Ng5 25. Qg2 Nh3+ 26. Kh1 g5 27. g4 Nf4
28. Nxf4 Bxf4 29. Nf5 Qe6 30. h3 Qxe1+ 0-1

[Event "89 Bristol Championship"]
[Site "The Great Hall, Bristol Gramm"]
[Date "2023.04.01"]
[Round "3.10"]
[White "Kett, Timothy J"]
[Black "Liu, Jack"]
[Result "1/2-1/2"]
[WhiteElo "2124"]
[BlackElo "1847"]
[PlyCount "127"]
[EventDate "2023.03.31"]
[EventRounds "5"]
[EventCountry "ENG"]

1. e4 c5 2. Nf3 e6 3. d4 cxd4 4. Nxd4 Nc6 5. Nc3 Qc7 6. Be3 a6 7. Be2 Nf6 8.
O-O Bb4 9. Bd3 Ne5 10. Nde2 Bxc3 11. bxc3 d5 12. exd5 Nxd5 13. Bd4 O-O 14. Qd2
Ng6 15. f4 f5 16. Rae1 Bd7 17. c4 Nde7 18. Ba1 Nc6 19. Qc3 Rf7 20. g3 Rc8 21.
h4 Nf8 22. Kh2 Na5 23. Nd4 Nxc4 24. Nf3 h6 25. Re2 Ne3 26. Rxe3 Qxc3 27. Bxc3
Rxc3 28. Rfe1 Ba4 29. Nd4 Rd7 30. Nxe6 Nxe6 31. Rxe6 Bxc2 32. Be2 Rd2 33. Kg1
Rxg3+ 34. Kf1 Rh3 35. Kg2 Ra3 36. Kf1 Bd3 37. Rb6 Bxe2+ 38. Rxe2 Rf3+ 39. Kg2
Rxe2+ 40. Kxf3 Rxa2 41. Rxb7 Ra3+ 42. Kg2 Kh7 43. h5 Ra4 44. Kg3 Ra1 45. Kg2
Ra3 46. Rf7 Ra5 47. Ra7 Kg8 48. Kg3 Ra1 49. Kg2 a5 50. Ra8+ Kf7 51. Ra7+ Kf6
52. Ra6+ Kf7 53. Ra7+ Kg8 54. Ra8+ Kh7 55. Rf8 a4 56. Rxf5 a3 57. Rf8 Rb1 58.
Ra8 Rb3 59. Kf2 Rh3 60. Kg2 Rb3 61. Kf2 Rb2+ 62. Kg3 Rb3+ 63. Kg4 Rc3 64. Kh4
1/2-1/2

[Event "89 Bristol Championship"]
[Site "The Great Hall, Bristol Gramm"]
[Date "2023.04.01"]
[Round "3.11"]
[White "Gallagher, Ian G"]
[Black "Vijayakumar, Rishi"]
[Result "1/2-1/2"]
[WhiteElo "2042"]
[BlackElo "1843"]
[PlyCount "65"]
[EventDate "2023.03.31"]
[EventRounds "5"]
[EventCountry "ENG"]

1. d4 Nf6 2. Bg5 d5 3. Bxf6 exf6 4. e3 Be7 5. Bd3 O-O 6. Qf3 c5 7. dxc5 Nc6 8.
Nc3 d4 9. exd4 Nxd4 10. Qf4 f5 11. Nf3 Ne6 12. Qxf5 g6 13. Qd5 Nf4 14. Qxd8
Rxd8 15. O-O Nxd3 16. cxd3 Bxc5 17. d4 Bxd4 18. Nxd4 Rxd4 19. Rad1 Rxd1 20.
Rxd1 Be6 21. Nd5 Bxd5 22. Rxd5 Rc8 23. g3 Rc2 24. Rb5 b6 25. Kg2 Kf8 26. Kf3
Ke7 27. h4 h5 28. Rb3 Kd6 29. Ke3 Kc5 30. f4 Rg2 31. Kf3 Rc2 32. Ke3 Rg2 33.
Kf3 1/2-1/2

[Event "89 Bristol Championship"]
[Site "The Great Hall, Bristol Gramm"]
[Date "2023.04.01"]
[Round "3.12"]
[White "Shearsby, Jude"]
[Black "Pal, Rohan"]
[Result "1-0"]
[WhiteElo "2026"]
[BlackElo "1817"]
[PlyCount "59"]
[EventDate "2023.03.31"]
[EventRounds "5"]
[EventCountry "ENG"]

1. e4 c5 2. Nf3 Nc6 3. Bb5 g6 4. Bxc6 dxc6 5. d3 Bg7 6. h3 Nf6 7. O-O Nd7 8.
Nc3 e5 9. Be3 b6 10. Qd2 h6 11. Nh2 Nf8 12. f4 exf4 13. Rxf4 g5 14. Rf2 Ng6 15.
Raf1 Be6 16. Ng4 Qe7 17. a4 a5 18. Ne2 Bxg4 19. Rxf7 Qxf7 20. Rxf7 Kxf7 21.
hxg4 Ne5 22. Ng3 Nxg4 23. Nf5 Nxe3 24. Qxe3 Kg6 25. Qg3 Rad8 26. Qc7 Bxb2 27.
Qxc6+ Kh5 28. Qe6 Kg4 29. Ne3+ Kf4 30. Qf5+ 1-0

[Event "89 Bristol Championship"]
[Site "The Great Hall, Bristol Gramm"]
[Date "2023.04.01"]
[Round "3.13"]
[White "Meek, Stephen J"]
[Black "Bennett, Tom"]
[Result "1-0"]
[WhiteElo "1965"]
[BlackElo "1678"]
[PlyCount "107"]
[EventDate "2023.03.31"]
[EventRounds "5"]
[EventCountry "ENG"]

{[%evp 0,107,19,38,40,6,0,-23,-22,-5,-4,7,7,21,18,19,36,37,96,98,107,99,112,
104,113,100,91,107,106,100,126,113,133,127,118,95,113,113,121,97,100,100,130,
114,121,127,128,121,130,101,167,187,184,135,130,137,132,109,143,120,184,211,
471,254,237,252,269,273,283,245,283,251,497,221,258,302,314,245,282,178,263,
266,266,268,343,258,854,310,369,385,403,213,338,145,207,202,202,202,202,185,
270,264,269,273,286,356,1012,1022,1032,1364]} 1. e4 c5 2. c3 d5 3. exd5 Qxd5 4.
d4 Nf6 5. Nf3 Bg4 6. dxc5 Qxd1+ 7. Kxd1 Nbd7 8. b4 Ne5 9. Bb5+ Nfd7 10. Nbd2
O-O-O 11. Kc2 Bf5+ 12. Kb2 Nd3+ 13. Bxd3 Bxd3 14. Nb3 g6 15. Be3 h6 16. Bd4 f6
17. Rhe1 Nb8 18. Rad1 Bc4 19. Be3 Rxd1 20. Rxd1 Be2 21. Rd2 Bxf3 22. gxf3 e5
23. f4 Nc6 24. b5 Nd8 25. fxe5 fxe5 26. f4 exf4 27. Bxf4 Ne6 28. Bd6 Bg7 29.
Nd4 Nd8 30. Re2 Bxd4 31. cxd4 Rh7 32. Kc3 Kd7 33. Kc4 Rf7 34. Kd5 Rf5+ 35. Re5
Rxe5+ 36. Bxe5 g5 37. Ke4 Ne6 38. Bg3 h5 39. Bf2 g4 40. d5 Ng5+ 41. Kf5 Nf3 42.
a4 Nxh2 43. Kg5 Nf3+ 44. Kxh5 Ne5 45. Kg5 Nd3 46. Bd4 g3 47. Kg4 g2 48. Kg3 Nb4
49. d6 a6 50. Kxg2 axb5 51. axb5 Nd5 52. Kf3 b6 53. cxb6 Kxd6 54. Be5+ 1-0

[Event "89 Bristol Championship"]
[Site "The Great Hall, Bristol Gramm"]
[Date "2023.04.01"]
[Round "3.14"]
[White "Miller, George I"]
[Black "Lappin, Benjamin"]
[Result "1-0"]
[WhiteElo "1841"]
[BlackElo "1964"]
[PlyCount "43"]
[EventDate "2023.03.31"]
[EventRounds "5"]
[EventCountry "ENG"]

1. c4 f5 2. g3 Nf6 3. Bg2 g6 4. Nc3 Bg7 5. e4 d6 6. exf5 gxf5 7. d4 c6 8. Bf4
Nbd7 9. Nf3 Nf8 10. Qe2 Ng6 11. Bg5 O-O 12. h4 Nh5 13. O-O-O Qc7 14. Nh2 Nf6
15. h5 h6 16. Bxf6 Rxf6 17. hxg6 e5 18. dxe5 dxe5 19. Bd5+ cxd5 20. Nxd5 Qa5
21. Qxe5 Qa6 22. Ne7+ 1-0

[Event "89 Bristol Championship"]
[Site "The Great Hall, Bristol Gramm"]
[Date "2023.04.01"]
[Round "3.15"]
[White "Baer, Bruce L"]
[Black "Acharya, Kandara"]
[Result "1-0"]
[WhiteElo "1963"]
[BlackElo "1516"]
[PlyCount "95"]
[EventDate "2023.03.31"]
[EventRounds "5"]
[EventCountry "ENG"]

1. Nf3 Nf6 2. g3 g6 3. Bg2 Bg7 4. O-O O-O 5. d3 d5 6. Nbd2 c5 7. e4 Nc6 8. Qe2
e5 9. exd5 Nxd5 10. Nc4 Nd4 11. Nxd4 exd4 12. Bd2 Re8 13. Qf3 Be6 14. Rae1 Rc8
15. a4 b6 16. h3 Qd7 17. g4 Rcd8 18. b3 f6 19. Qg3 Bf7 20. Bf3 g5 21. Rxe8+
Rxe8 22. Nd6 Rd8 23. Nf5 Ne7 24. Nxe7+ Qxe7 25. h4 h6 26. Re1 Qd7 27. Be4 Qd6
28. Qxd6 Rxd6 29. Bf5 Kf8 30. Kg2 Be8 31. Kh3 Kf7 32. f4 gxh4 33. Kxh4 Bd7 34.
Bxd7 Rxd7 35. f5 Rd8 36. Re6 Rh8 37. Kh5 Rg8 38. Rc6 Ra8 39. Rc7+ Kf8 40. Kg6
Bh8 41. Kh7 a6 42. Bxh6+ Ke8 43. Kxh8 b5 44. Rg7 Rd8 45. Rg8+ Ke7 46. Rxd8 Kxd8
47. axb5 axb5 48. Bf8 1-0

[Event "89 Bristol Championship"]
[Site "The Great Hall, Bristol Gramm"]
[Date "2023.04.01"]
[Round "3.16"]
[White "Gomez, Daniel"]
[Black "Timbrell, Matthew"]
[Result "1-0"]
[WhiteElo "1923"]
[BlackElo "1426"]
[PlyCount "47"]
[EventDate "2023.03.31"]
[EventRounds "5"]
[EventCountry "ENG"]

1. e4 c6 2. Nc3 d5 3. Nf3 Nf6 4. e5 Ne4 5. Ne2 Qb6 6. d4 e6 7. Ng3 Bb4+ 8. c3
Nxc3 9. bxc3 Bxc3+ 10. Bd2 Bxa1 11. Qxa1 Nd7 12. Bd3 c5 13. O-O c4 14. Bc2 Qc7
15. Bb4 f6 16. Qc1 Nf8 17. exf6 gxf6 18. Qh6 Qf7 19. Nh5 Kd8 20. Nxf6 Ng6 21.
Qg5 Kc7 22. Bxg6 hxg6 23. Qe5+ Kd8 24. Qd6+ 1-0

[Event "89 Bristol Championship"]
[Site "The Great Hall, Bristol Gramm"]
[Date "2023.04.01"]
[Round "3.17"]
[White "Clarke, James"]
[Black "Freeman, Richard Cp"]
[Result "1/2-1/2"]
[WhiteElo "1640"]
[BlackElo "2018"]
[PlyCount "96"]
[EventDate "2023.03.31"]
[EventRounds "5"]
[EventCountry "ENG"]

1. e4 c5 2. Nf3 g6 3. d4 cxd4 4. Nxd4 Bg7 5. c4 Nc6 6. Be3 Nh6 7. Be2 f5 8. Qd2
Nxd4 9. Bxd4 Bxd4 10. Qxd4 O-O 11. e5 Nf7 12. Nc3 d6 13. exd6 e5 14. Qd2 Qxd6
15. Qxd6 Nxd6 16. O-O-O Nf7 17. Nd5 Kg7 18. b4 b6 19. Kb2 Rb8 20. Nc7 Rb7 21.
Nb5 Be6 22. Rd2 Rd8 23. Rxd8 Nxd8 24. Rd1 Nf7 25. Kc3 Kf6 26. a4 Ke7 27. h4 a6
28. Na3 Nd6 29. Kb2 Rc7 30. Rc1 Ne4 31. f3 Ng3 32. Bd3 Rd7 33. Kc3 e4 34. fxe4
fxe4 35. Bf1 Nxf1 36. Rxf1 Rd3+ 37. Kb2 Rd2+ 38. Kc3 Rxg2 39. Nc2 Bxc4 40. Rf4
Bd3 41. Ne3 Ra2 42. Nd5+ Ke6 43. Kd4 a5 44. Rf6+ Kd7 45. Nxb6+ Ke7 46. Nd5+ Kd7
47. Nb6+ Ke7 48. Nd5+ Kd7 1/2-1/2

[Event "89 Bristol Championship"]
[Site "The Great Hall, Bristol Gramm"]
[Date "2023.04.01"]
[Round "3.18"]
[White "Timmins, Chris P"]
[Black "Green, Michael"]
[Result "1-0"]
[WhiteElo "1865"]
[BlackElo "1988"]
[PlyCount "131"]
[EventDate "2023.03.31"]
[EventRounds "5"]
[EventCountry "ENG"]

{[%evp 0,131,19,38,40,31,7,-4,33,3,10,-23,-25,-46,-8,-69,-31,-28,-7,0,-1,8,11,
10,11,9,11,0,13,6,37,33,138,135,130,125,129,121,130,-19,195,227,221,248,225,
241,240,252,252,249,348,219,300,238,229,208,206,226,240,245,245,206,287,251,
251,279,277,277,278,248,278,225,266,298,314,320,338,264,281,305,340,295,313,
270,318,270,295,175,177,175,218,211,221,233,220,226,243,212,249,225,235,225,
273,225,248,242,251,210,210,279,440,547,616,630,648,670,687,901,1012,1002,1002,
1012,1016,1012,29979,29980,29991,29986,29995,29994,29997,29996,29997,29998]} 1.
e4 c5 2. f4 e6 3. Nf3 a6 4. c3 d5 5. e5 Nc6 6. Bd3 b6 7. a3 Bb7 8. O-O Qc7 9.
Bc2 d4 10. d3 h5 11. Nbd2 Nh6 12. Ne4 Nf5 13. c4 Be7 14. Bd2 f6 15. Ba4 fxe5
16. Nxe5 Bf6 17. Qe2 Bxe5 18. fxe5 O-O-O 19. b4 Ne3 20. Nd6+ Rxd6 21. exd6 Qxd6
22. Bxe3 dxe3 23. Qxe3 Nd4 24. Rae1 Rh6 25. Rf2 Nf5 26. Rxf5 exf5 27. Qe8+ Qd8
28. Bd7+ Kc7 29. Qe5+ Rd6 30. Bxf5 g6 31. Bxg6 Qf6 32. Qxf6 Rxf6 33. Bxh5 Kd6
34. Re3 b5 35. Bf3 Bc8 36. Kf2 Be6 37. cxb5 axb5 38. Ke2 cxb4 39. axb4 Rf7 40.
Kd2 Ra7 41. Re1 Ra3 42. Rb1 Bf5 43. Be4 Bxe4 44. dxe4 Ra2+ 45. Ke3 Rxg2 46.
Rd1+ Kc6 47. Rd2 Rg1 48. Kf4 Rb1 49. Rd4 Rf1+ 50. Kg5 Rc1 51. Kf5 Rf1+ 52. Ke6
Rh1 53. e5 Rxh2 54. Kf7 Rh7+ 55. Kg6 Re7 56. Kf6 Rh7 57. e6 Rh1 58. e7 Rf1+ 59.
Kg7 Re1 60. Kf7 Rf1+ 61. Ke8 Re1 62. Kd8 Re4 63. e8=Q+ Kb6 64. Rd6+ Kb7 65.
Qd7+ Ka8 66. Qc8+ 1-0

[Event "89 Bristol Championship"]
[Site "The Great Hall, Bristol Gramm"]
[Date "2023.04.01"]
[Round "3.19"]
[White "Iwi, Graham R"]
[Black "Kent, Alex"]
[Result "1-0"]
[WhiteElo "1908"]
[BlackElo "1811"]
[PlyCount "129"]
[EventDate "2023.03.31"]
[EventRounds "5"]
[EventCountry "ENG"]

1. e4 e5 2. Nf3 Nc6 3. Bb5 Nf6 4. O-O Nxe4 5. d4 Nd6 6. Bxc6 dxc6 7. Re1 Be7 8.
Nxe5 O-O 9. Nc3 Nf5 10. Nf3 Bf6 11. Ne2 Re8 12. c3 c5 13. d5 c6 14. Nf4 Rxe1+
15. Qxe1 cxd5 16. Nxd5 Be6 17. Nxf6+ Qxf6 18. Bg5 Qg6 19. Qe4 Nd6 20. Qe5 Ne4
21. Re1 Nxg5 22. Nxg5 Bd7 23. Qxc5 Bc6 24. f3 h6 25. Ne4 a6 26. Nd2 Rd8 27. Qf2
Qg5 28. Nb3 Qd5 29. Re2 Qf5 30. Nd4 Qb1+ 31. Qe1 Qxe1+ 32. Rxe1 Bd5 33. b3 Kf8
34. Kf2 g6 35. Re3 b6 36. Rd3 Ke7 37. Ke3 Bb7 38. c4 f5 39. a4 Kf6 40. Ne2
Rxd3+ 41. Kxd3 Ke5 42. f4+ Kd6 43. g3 Kc5 44. Kc3 a5 45. Nc1 g5 46. Nd3+ Kd6
47. Kd4 Be4 48. c5+ bxc5+ 49. Nxc5 Bd5 50. h3 gxf4 51. gxf4 Bf3 52. b4 axb4 53.
Kc4 Be2+ 54. Kxb4 Kd5 55. a5 Kd4 56. h4 Ke3 57. Ne6 Bf1 58. Kc5 Kf3 59. Kd5 Kg4
60. Ke5 Bd3 61. Nc7 Kxh4 62. a6 Bxa6 63. Nxa6 Kg4 64. Nc5 h5 65. Ne6 1-0

[Event "89 Bristol Championship"]
[Site "The Great Hall, Bristol Gramm"]
[Date "2023.04.01"]
[Round "3.20"]
[White "Nendick, Philip Hc"]
[Black "Zurba, Jonas"]
[Result "1-0"]
[WhiteElo "1906"]
[BlackElo "1565"]
[PlyCount "93"]
[EventDate "2023.03.31"]
[EventRounds "5"]
[EventCountry "ENG"]

1. d4 Nf6 2. c4 g6 3. Nc3 Bg7 4. e4 d6 5. Be2 O-O 6. Bg5 c5 7. d5 e6 8. Qd2 a6
9. Bh6 Re8 10. Bxg7 Kxg7 11. f3 exd5 12. cxd5 b5 13. h4 c4 14. h5 Ng8 15. h6+
Kf8 16. a4 Qa5 17. Qd4 f6 18. Kf2 b4 19. Nd1 Nd7 20. Bxc4 Nc5 21. b3 Qb6 22.
Ne2 Ra7 23. Ne3 Rae7 24. g4 Re5 25. Rag1 R8e7 26. Kf1 a5 27. Ng3 Qa7 28. Kg2
Ne6 29. Qxa7 Nf4+ 30. Kf2 Rxa7 31. Ng2 Nxg2 32. Rxg2 Re8 33. Bb5 Bd7 34. Bxd7
Rxd7 35. Rc1 Nxh6 36. Ke3 Rde7 37. Rh2 Ng8 38. Rhc2 Re5 39. Kd4 Rg5 40. Ne2 f5
41. gxf5 gxf5 42. Nf4 Rg3 43. Rf2 Nf6 44. Ne6+ Kg8 45. e5 dxe5+ 46. Kxe5 f4 47.
Kxf6 1-0

[Event "89 Bristol Championship"]
[Site "The Great Hall, Bristol Gramm"]
[Date "2023.04.01"]
[Round "3.21"]
[White "Kramaley, David"]
[Black "Fowler, Hugo"]
[Result "0-1"]
[WhiteElo "1844"]
[BlackElo "1878"]
[PlyCount "154"]
[EventDate "2023.03.31"]
[EventRounds "5"]
[EventCountry "ENG"]

1. c4 c5 2. Nc3 Nf6 3. d3 d5 4. cxd5 Nxd5 5. Nf3 Nxc3 6. bxc3 Nc6 7. Rb1 g6 8.
g3 Bg7 9. Qc2 b6 10. Bg2 Bb7 11. O-O O-O 12. Be3 Qd7 13. Rbd1 Rac8 14. Qd2 e5
15. Bh6 Rfd8 16. Bxg7 Kxg7 17. Qe3 Re8 18. Qc1 h6 19. Qb2 Red8 20. Rd2 Kh7 21.
Rfd1 Qe7 22. Ne1 Na5 23. e4 Rd6 24. Nc2 Rcd8 25. Ne3 Qd7 26. Nd5 Nc6 27. Qc2
Ne7 28. Ne3 Ba6 29. Bf1 f5 30. f3 h5 31. Qb3 Nc6 32. Nd5 Ne7 33. Ne3 Kg7 34.
Nc4 Bxc4 35. Qxc4 fxe4 36. fxe4 Nc6 37. Qb5 Na5 38. Qxd7+ R8xd7 39. Bh3 Rd8 40.
Rf2 Rf8 41. Rxf8 Kxf8 42. Rf1+ Ke7 43. Rf3 c4 44. Bf1 Rc6 45. dxc4 Nxc4 46.
Bxc4 Rxc4 47. Re3 Ra4 48. Re2 Rc4 49. Re3 Kd6 50. Rd3+ Kc5 51. Rd5+ Kc6 52.
Rxe5 Rxc3 53. Re6+ Kc5 54. Rxg6 Rc1+ 55. Kg2 Kd4 56. Rh6 Kxe4 57. Rxh5 Rc2+ 58.
Kh3 Rxa2 59. Rh8 a5 60. Rf8 a4 61. g4 a3 62. g5 Ra1 63. Rf2 Rg1 64. Ra2 Rxg5
65. Rxa3 b5 66. Kh4 Rg2 67. Kh3 Rc2 68. Rb3 Rc5 69. Kg4 Kd4 70. h4 Kc4 71. Rh3
b4 72. h5 b3 73. h6 b2 74. h7 b1=Q 75. h8=Q Qe4+ 76. Kg3 Rg5+ 77. Kf2 Rg2+ 0-1

[Event "89 Bristol Championship"]
[Site "The Great Hall, Bristol Gramm"]
[Date "2023.04.01"]
[Round "3.22"]
[White "Turner, Joseph D"]
[Black "Mize, Dylan"]
[Result "1/2-1/2"]
[WhiteElo "1867"]
[BlackElo "1714"]
[PlyCount "53"]
[EventDate "2023.03.31"]
[EventRounds "5"]
[EventCountry "ENG"]

1. e4 c6 2. d4 d5 3. e5 Bf5 4. g4 Be4 5. f3 Bg6 6. Ne2 e6 7. Be3 c5 8. h4 h5 9.
Nf4 Bh7 10. Nxh5 Bg6 11. Nf4 Rxh4 12. Rxh4 Qxh4+ 13. Bf2 Qh7 14. Nxg6 Qxg6 15.
Nc3 Nc6 16. dxc5 Qg5 17. Bb5 Qxe5+ 18. Qe2 O-O-O 19. O-O-O Qxe2 20. Nxe2 Ne5
21. Nd4 Bxc5 22. Nxe6 fxe6 23. Bxc5 b6 24. Bd4 Nxf3 25. Bxg7 e5 26. Be2 e4 27.
Rf1 1/2-1/2

[Event "89 Bristol Championship"]
[Site "The Great Hall, Bristol Gramm"]
[Date "2023.04.01"]
[Round "3.23"]
[White "Small, Edward P"]
[Black "Mcdougall, William M"]
[Result "0-1"]
[WhiteElo "1839"]
[BlackElo "2039"]
[PlyCount "48"]
[EventDate "2023.03.31"]
[EventRounds "5"]
[EventCountry "ENG"]

1. d4 Nf6 2. Bg5 e6 3. e4 h6 4. Bxf6 Qxf6 5. c3 d6 6. Bd3 c6 7. Ne2 Nd7 8. O-O
Qd8 9. Nd2 Be7 10. f4 O-O 11. Ng3 c5 12. d5 exd5 13. exd5 Nf6 14. c4 Ng4 15.
Re1 Bf6 16. Nf3 Bxb2 17. Rb1 Qf6 18. Rxb2 Qxb2 19. Re2 Qf6 20. Nh5 Qd8 21. Qe1
Nf6 22. Qh4 Nxh5 23. Qxh5 Qf6 24. g4 Qxf4 0-1

[Event "89 Bristol Championship"]
[Site "The Great Hall, Bristol Gramm"]
[Date "2023.04.01"]
[Round "3.24"]
[White "Cave, Iwan"]
[Black "Lesniowski, Paul A"]
[Result "0-1"]
[WhiteElo "1691"]
[BlackElo "1840"]
[PlyCount "65"]
[EventDate "2023.03.31"]
[EventRounds "5"]
[EventCountry "ENG"]

1. e4 c5 2. Nf3 e6 3. d4 cxd4 4. Nxd4 Nc6 5. Nc3 Qc7 6. Be3 a6 7. Qd2 Nf6 8. a3
Be7 9. Be2 b5 10. f4 Nxd4 11. Qxd4 Bb7 12. O-O-O Rc8 13. Rd2 d5 14. exd5 exd5
15. Bf3 O-O 16. Qb6 Ne4 17. Nxd5 Qxb6 18. Nxe7+ Kh8 19. Bxb6 Nxd2 20. Nxc8 Nxf3
21. Nd6 Bc6 22. gxf3 Bxf3 23. Re1 h5 24. Re8 Rxe8 25. Nxe8 Kh7 26. Bd4 f6 27.
Kd2 Kg6 28. Ke3 Bc6 29. Nd6 h4 30. Ne4 Kf5 31. Nf2 g5 32. fxg5 fxg5 33. Bb6 0-1

[Event "89 Bristol Championship"]
[Site "The Great Hall, Bristol Gramm"]
[Date "2023.04.01"]
[Round "3.25"]
[White "Zhu, Pengxiao"]
[Black "Williams, Stephen M"]
[Result "1-0"]
[WhiteElo "1495"]
[BlackElo "1838"]
[Annotator "Tipper, Dave"]
[PlyCount "111"]
[EventDate "2023.03.31"]
[EventRounds "5"]
[EventCountry "ENG"]

1. d4 b6 2. c4 e6 3. Nc3 Bb7 4. e4 Bb4 5. Qc2 Nf6 6. Bd3 d5 7. cxd5 exd5 8. e5
Ne4 9. Nge2 c5 10. O-O Bxc3 11. bxc3 Nd7 12. Be3 Rc8 13. Bxe4 dxe4 14. Qd2 O-O
15. Rad1 c4 16. Rfe1 Qh4 17. Ng3 Qg4 18. h3 Qg6 19. Ne2 b5 20. Nf4 Qa6 21. Nh5
b4 22. Qe2 f5 23. cxb4 Rc7 24. Nf4 g5 25. e6 Nf6 26. Nh5 f4 27. Nxf6+ Rxf6 28.
Qg4 Qxe6 29. Qxg5+ Rg7 30. d5 Rxg5 31. dxe6 fxe3 32. Rd8+ Kg7 33. Rxe3 Bc6 34.
Rd6 Be8 35. Rxe4 c3 36. Rc4 Re5 37. Rxc3 Rexe6 38. Rxe6 Rxe6 39. Rc7+ Kh6 40.
Rxa7 Re1+ 41. Kh2 Rb1 42. a3 Rb2 43. Kg3 Rb3+ 44. f3 Rb1 45. Kg4 Rb3 46. h4 Rc3
47. Kg3 Rb3 48. Kh3 Rd3 49. a4 Bd7+ 50. Kg3 Be8 51. a5 Bb5 52. Rb7 Rd5 53. a6
Bf1 54. a7 Rd2 55. a8=Q Rxg2+ 56. Kf4 {black lost on time} 1-0

[Event "89 Bristol Championship"]
[Site "The Great Hall, Bristol Gramm"]
[Date "2023.04.02"]
[Round "4.1"]
[White "Beaumont, Chris R"]
[Black "Ogunshola, Olugbemiga (Ben)"]
[Result "1/2-1/2"]
[WhiteElo "2254"]
[BlackElo "2095"]
[PlyCount "60"]
[EventDate "2023.03.31"]
[EventRounds "5"]
[EventCountry "ENG"]

1. Nf3 Nf6 2. c4 g6 3. g3 Bg7 4. Bg2 O-O 5. O-O d6 6. Nc3 Nc6 7. d4 a6 8. Qd3
Nd7 9. Be3 Rb8 10. Rac1 Re8 11. Qd2 Na5 12. b3 c5 13. Rfd1 b6 14. Bh6 Bh8 15.
e4 Nc6 16. Be3 e5 17. dxe5 dxe5 18. Bg5 Bf6 19. Bh6 Nd4 20. Nd5 Bg7 21. Nxd4
cxd4 22. Bxg7 Kxg7 23. b4 Bb7 24. Bh3 Nf6 25. f3 b5 26. Qg5 Bc6 27. a3 bxc4 28.
Qxf6+ Qxf6 29. Nxf6 Kxf6 30. Rxc4 Ba4 1/2-1/2

[Event "89 Bristol Championship"]
[Site "The Great Hall, Bristol Gramm"]
[Date "2023.04.02"]
[Round "4.2"]
[White "Bezuidenhout, Roland"]
[Black "Chaplin, Peter E"]
[Result "1-0"]
[WhiteElo "2214"]
[BlackElo "2019"]
[PlyCount "71"]
[EventDate "2023.03.31"]
[EventRounds "5"]
[EventCountry "ENG"]

1. c4 e5 2. g3 Nc6 3. Bg2 f5 4. Nc3 Nf6 5. e3 d5 6. Nxd5 Nxd5 7. cxd5 Nb4 8.
Ne2 Nxd5 9. O-O Be7 10. a3 c6 11. d3 Qb6 12. e4 Nf6 13. d4 Nxe4 14. dxe5 O-O
15. b4 Ng5 16. Nf4 Ne6 17. Qb3 Kf7 18. Bb2 a5 19. Bc3 axb4 20. Rab1 Qa6 21.
Bxb4 Bxb4 22. axb4 Qa2 23. Qxa2 Rxa2 24. Nxe6 Bxe6 25. b5 Bd5 26. bxc6 Bxg2 27.
Rxb7+ Kg6 28. Kxg2 Rc2 29. Rc7 Re8 30. Rd1 Kh6 31. Rd6+ g6 32. Rdd7 Rxe5 33. h4
Kh5 34. Rxh7+ Kg4 35. Rcg7 Re6 36. Rh6 1-0

[Event "89 Bristol Championship"]
[Site "The Great Hall, Bristol Gramm"]
[Date "2023.04.02"]
[Round "4.3"]
[White "Hobson, Kenneth"]
[Black "Stubbs, Oliver"]
[Result "1/2-1/2"]
[WhiteElo "2068"]
[BlackElo "2052"]
[PlyCount "140"]
[EventDate "2023.03.31"]
[EventRounds "5"]
[EventCountry "ENG"]

1. e4 e6 2. d4 d5 3. Nc3 Nf6 4. Bg5 dxe4 5. Nxe4 Be7 6. Bxf6 gxf6 7. Nf3 f5 8.
Nc3 a6 9. g3 b5 10. Bg2 Bb7 11. O-O O-O 12. Ne5 Bxg2 13. Kxg2 b4 14. Na4 Qd5+
15. Qf3 Qxf3+ 16. Kxf3 Bf6 17. Ke3 Bxe5 18. dxe5 Nd7 19. f4 Nb6 20. Nxb6 cxb6
21. Rfd1 Rfc8 22. Rd2 Rc7 23. a3 bxa3 24. Rxa3 a5 25. Rad3 Kf8 26. Rd7 Rac8 27.
c3 Ke8 28. Rxc7 Rxc7 29. Rd6 b5 30. Kd4 a4 31. Rb6 Rc4+ 32. Kd3 Rc5 33. Rb8+
Ke7 34. Rh8 Rc7 35. Rxh7 Rc8 36. Rg7 Rd8+ 37. Kc2 Rc8 38. Kb1 Rd8 39. h4 Kf8
40. Rg5 Rd2 41. Ka2 Rh2 42. Ka3 Rc2 43. h5 Rh2 44. h6 Rxh6 45. Kb4 Rh2 46. Kxb5
Rxb2+ 47. Kxa4 Rb8 48. Rh5 Ra8+ 49. Kb3 Rb8+ 50. Kc2 Kg7 51. Rh1 f6 52. Re1 Rc8
53. Re3 Kf7 54. exf6 Kxf6 55. Kd3 Rd8+ 56. Kc4 Ke7 57. Kb3 Rb8+ 58. Kc2 Rc8 59.
Kd2 Rd8+ 60. Rd3 Rc8 61. Ke2 Rc7 62. Kf3 Kf6 63. Re3 Rc8 64. Ke2 Ke7 65. Kd3
Rd8+ 66. Kc2 Rc8 67. Re1 Rg8 68. Rg1 Kd6 69. c4 Kc5 70. Kc3 Rg7 1/2-1/2